000 01152nam a2200289 i 4500
001 66504
003 ES-MaACL
005 20250901104614.0
007 t|
008 901030s1988 sp ||||0| spa d ..|
015 _a1990-SEP-17707
016 7 _zSAB9000094435
020 _a84-7793-010-4
040 _aM-BN-DP
_bspa
_cM-BN-DP
080 _a930.253.2(460)(063)
111 2 _aCongreso sobre Archivos Económicos de Entidades Privadas (
_n2º.
_d1986.
_cMadrid)
_9577
245 1 0 _aFuentes para la historia de la banca y del comercio en España
_b: actas del Segundo Congreso sobre Archivos Económicos de Entidades Privadas, 26-27 de junio de 1986 /
_c[coordinado y organizado por] Archivo Histórico del Banco de España.
260 _a[Madrid] :
_bBanco de España,
_c[1988]
300 _a245 p. ;
_c26 cm.
504 _aBibliografía.
650 1 4 _aArchivos privados-
_vCongresos y asambleas.
_99961
650 1 4 _aBancos-
_zEspaña-
_xHistoria.
_910488
650 4 _aComercio-
_zEspaña-
_vHistoria
_911158
710 2 _aBanco de España.
_bArchivo Histórico.
_92107
852 _aES-MaACL
_jL-26992
_bR.132603
999 _c66504
_d66504